[Event "Cavarzere op 15th"]
[Site "Cavarzere"]
[Date "2012.10.28"]
[Round "5"]
[White "Ballarin, Gabriele"]
[Black "Marchetti, Daniele"]
[Result "1-0"]
[WhiteElo "1877"]
[BlackElo "1712"]
[PlyCount "83"]
[EventDate "2012.10.20"]
[EventType "swiss"]
[EventRounds "6"]
[EventCountry "ITA"]
[SourceTitle "EXT 2015"]
[Source "ChessBase"]
[SourceDate "2014.11.20"]
[SourceVersion "1"]
[SourceVersionDate "2014.11.20"]
[SourceQuality "1"]

1. e4 c5 2. g3 d6 3. Bg2 Nf6 4. Ne2 g6 5. Na3 a6 6. c3 Bg7 7. 0-0 0-0 8. f4 e6 9. d3 Qc7 10. h3 Nc6 11. g4 Ne7 12. Ng3 Rb8 13. h4 b5 14. Nc2 Bb7 15. Ne3 d5 16. e5 Nd7 17. Nc2 a5 18. d4 Nb6 19. f5 exf5 20. gxf5 f6 21. Bf4 fxe5 22. Bg5 Bf6 23. fxg6 Bxg5 24. gxh7+ Kxh7 25. hxg5 e4 26. Qh5+ Kg8 27. Ne2 Qd6 28. dxc5 Qxc5+ 29. Ncd4 Nd7 30. g6 Nf6 31. Rxf6 Rxf6 32. Qh7+ Kf8 33. Qh8+ Ng8 34. Ng3 Qb6 35. Nh5 Rxg6 36. Rf1+ Ke7 37. Qe5+ Kd7 38. Rf7+ Kc8 39. Rf8+ Kd7 40. Qxb8 Rxg2+ 41. Kxg2 Qg6+ 42. Ng3 1-0

[Event "Chioggia op-B 07th"]
[Site "Chioggia"]
[Date "2012.10.14"]
[Round "4"]
[White "Marchetti, Daniele"]
[Black "Pasieczny, Karol"]
[Result "0-1"]
[WhiteElo "1712"]
[BlackElo "1539"]
[PlyCount "120"]
[EventDate "2012.10.12"]
[EventType "swiss"]
[EventRounds "5"]
[EventCountry "ITA"]
[SourceTitle "EXT 2022"]
[Source "ChessBase"]
[SourceDate "2021.10.06"]
[SourceVersion "1"]
[SourceVersionDate "2021.10.06"]
[SourceQuality "1"]

1. d4 Nf6 2. c4 g6 3. Nc3 d5 4. Nf3 Bg7 5. g3 0-0 6. Bg2 c6 7. 0-0 Bf5 8. Qb3 Qb6 9. e3 Nbd7 10. c5 Qxb3 11. axb3 b6 12. b4 bxc5 13. bxc5 Ne4 14. Nd2 Nxc3 15. bxc3 Bd3 16. Re1 f5 17. c4 e6 18. cxd5 exd5 19. Ra3 Bb5 20. Nb1 Rfb8 21. Bd2 Bc4 22. Ra1 Nxc5 23. Na3 Ne4 24. Nxc4 dxc4 25. Bxe4 fxe4 26. Ra4 Bf8 27. Rxc4 Rb6 28. Rec1 a5 29. Rxc6 Rxc6 30. Rxc6 a4 31. Rc2 a3 32. Ra2 Kf7 33. Kf1 Ke6 34. Ke1 Kd5 35. Kd1 Kc4 36. Kc2 h5 37. h4 Be7 38. Bc1 Bd6 39. Ra1 Be7 40. Bd2 Bd6 41. Bc3 Be7 42. Rf1 a2 43. Ra1 Bd6 44. Be1 Be7 45. Kb2 Ba3+ 46. Kc2 Bd6 47. Bd2 Be7 48. Bc3 Bd6 49. Rc1 Ba3 50. Ra1 Bd6 51. Rc1 Ba3 52. Ra1 Bd6 53. Rd1 Be7 54. Kb2 a1Q+ 55. Rxa1 Rxa1 56. Kxa1 Kxc3 57. Kb1 Kd3 58. Kc1 Ke2 59. Kc2 Kxf2 60. Kc3 Kxe3 0-1

[Event "Cavarzere op 14th"]
[Site "Cavarzere"]
[Date "2011.10.23"]
[Round "6.13"]
[White "Rossi, Gianni"]
[Black "Marchetti, Daniele"]
[Result "1-0"]
[WhiteElo "1814"]
[BlackElo "1527"]
[PlyCount "120"]
[EventDate "2011.10.15"]
[EventType "swiss"]
[EventRounds "6"]
[EventCountry "ITA"]
[SourceTitle "EXT 2023"]
[Source "ChessBase"]
[SourceDate "2022.10.05"]
[SourceVersion "1"]
[SourceVersionDate "2022.10.05"]
[SourceQuality "1"]

1. d4 Nf6 2. f3 d5 3. e4 dxe4 4. Nc3 exf3 5. Nxf3 e6 6. Bg5 Be7 7. Bd3 Nc6 8. 0-0 Nxd4 9. Kh1 c5 10. Qe1 h6 11. Bf4 b6 12. Rd1 Nxf3 13. Rxf3 Bd7 14. Bb5 a6 15. Bxd7+ Nxd7 16. Rfd3 Ra7 17. Qd2 Bg5 18. Ne4 Bxf4 19. Qxf4 0-0 20. Qd2 f5 21. Nc3 Rf7 22. Rd6 Qe7 23. Qe2 Rf6 24. Nd5 Qf7 25. Nxf6+ Nxf6 26. Qxe6 Qxe6 27. Rxe6 b5 28. Re5 f4 29. Rxc5 Ne4 30. Rc8+ Kh7 31. Kg1 g5 32. Rcd8 Kg6 33. Re1 Nf6 34. Rd6 a5 35. Ree6 Rf7 36. Ra6 a4 37. Reb6 Kg7 38. Rxb5 Rd7 39. Rxa4 Rd1+ 40. Kf2 Rd2+ 41. Kf1 Rxc2 42. Rd4 Rc1+ 43. Ke2 Rc2+ 44. Rd2 Rc6 45. Kf1 Ng4 46. h3 Ne3+ 47. Kf2 Nc4 48. Rd7+ Kf6 49. b3 Nd6 50. Rb8 h5 51. Rg8 Z0 52. a4 g4 53. Rh8 Ne4+ 54. Kf1 Ng3+ 55. Ke1 Kf5 56. Kd1 gxh3 57. gxh3 f3 58. Rf7+ Ke4 59. Rhf8 Rd6+ 60. Kc2 Rd3 1-0

[Event "Chioggia op-B 06th"]
[Site "Chioggia"]
[Date "2011.10.09"]
[Round "4"]
[White "Fragni, Enrico"]
[Black "Marchetti, Daniele"]
[Result "1/2-1/2"]
[WhiteElo "1720"]
[BlackElo "1527"]
[PlyCount "101"]
[EventDate "2011.10.07"]
[EventType "swiss"]
[EventRounds "5"]
[EventCountry "ITA"]
[SourceTitle "EXT 2022"]
[Source "ChessBase"]
[SourceDate "2021.10.06"]
[SourceVersion "1"]
[SourceVersionDate "2021.10.06"]
[SourceQuality "1"]

1. g3 Nf6 2. Bg2 g6 3. c4 c5 4. Nc3 e6 5. e3 d5 6. cxd5 exd5 7. Nge2 Nbd7 8. Nxd5 Nxd5 9. Bxd5 Nf6 10. Bg2 Rb8 11. b3 Bg7 12. Bb2 0-0 13. 0-0 Re8 14. Qc2 b6 15. d4 Ba6 16. Rfd1 Qe7 17. Rd2 Rbc8 18. Qd1 Ne4 19. Rc2 Red8 20. Qe1 Bd3 21. Rcc1 Ng5 22. Nf4 Be4 23. Qe2 Bxg2 24. Kxg2 Ne4 25. f3 Ng5 26. Rab1 Ne6 27. Nxe6 Qxe6 28. dxc5 Rxc5 29. Bxg7 Kxg7 30. Rxc5 bxc5 31. Re1 Qb6 32. Qb2+ Kg8 33. Re2 Qb4 34. Kf2 a5 35. a3 Qb5 36. Qc2 Rd3 37. b4 cxb4 38. axb4 axb4 39. Qb2 b3 40. Qa3 Qc4 41. h4 Qc3 42. Qb2 Rxe3 43. Qxc3 Rxc3 44. Re8+ Kg7 45. Rb8 f5 46. Rb6 Kf7 47. Ke2 h5 48. Rb4 Kf6 49. Kf2 Ke5 50. f4+ Ke6 51. Rb5 1/2-1/2

[Event "Chioggia op-B 04th"]
[Site "Chioggia"]
[Date "2009.10.10"]
[Round "3"]
[White "Bullo, Valentina"]
[Black "Marchetti, Daniele"]
[Result "1-0"]
[WhiteElo "1440"]
[BlackElo "1440"]
[PlyCount "101"]
[EventDate "2009.10.09"]
[EventType "swiss"]
[EventRounds "5"]
[EventCountry "ITA"]
[SourceTitle "EXT 2022"]
[Source "ChessBase"]
[SourceDate "2021.10.06"]
[SourceVersion "1"]
[SourceVersionDate "2021.10.06"]
[SourceQuality "1"]

1. e4 c5 2. Nc3 Nc6 3. Nf3 d6 4. g3 g6 5. d4 Bg7 6. Be3 b6 7. Bc4 h6 8. 0-0 e6 9. a3 Nge7 10. Rb1 Bd7 11. b4 0-0 12. Qd2 Kh7 13. dxc5 bxc5 14. bxc5 dxc5 15. Bxc5 f5 16. Bb5 Bxc3 17. Qxc3 Rf7 18. Rfe1 Qc7 19. Bd4 Rd8 20. Ne5 Rff8 21. Nxc6 Nxc6 22. Bg7 Rf7 23. Bf6 Rdf8 24. Be5 Qb6 25. Bd6 Rd8 26. a4 Nd4 27. Bc7 Nxb5 28. axb5 Rc8 29. Bxb6 Rxc3 30. Bxa7 Bxb5 31. Bd4 Rc4 32. Rxb5 Rxd4 33. e5 Rc4 34. Rc1 Rfc7 35. Rb6 Re7 36. c3 g5 37. Rb4 Rc5 38. c4 Rxe5 39. c5 Rc7 40. c6 Kg6 41. Rb7 Rxb7 42. cxb7 Rb5 43. Rc7 Kf6 44. g4 f4 45. f3 Kg6 46. Kf2 e5 47. Ke2 Kf6 48. Kd3 Ke6 49. Kc4 Kd6 50. Rg7 Kc6 51. Rg6+ 1-0